| 000 | 00447cam a2200169ua 4500 | ||
|---|---|---|---|
| 001 | 12203 | ||
| 008 | 200305n xxk |||gr||||Z||||||eng | ||
| 020 | _a9780192853523 | ||
| 040 | _cMAIN | ||
| 082 | _a901 | ||
| 100 |
_aJohn H Arnold, _eAuthor. |
||
| 245 |
_aHistory : _bVery short introduction / _cBy John H Arnold . |
||
| 260 |
_aNew York: _bOxford university press, _c2000. |
||
| 300 | _a137p. | ||
| 653 | _aPhilosophy & theory | ||
| 942 | _cBK | ||
| 999 |
_c10963 _d10963 |
||